MESTSKÁ KNIŽNICA GIRALTOVCE  - online katalóg 

Zasľúbená zem (Record no. 24141)

000 -NÁVESTIE
fixed length control field 01814cam a2200517 4500
001 - EVIDENČNÉ ČÍSLO ZÁZNAMU - Kontrolné číslo
control field vtls012145135
005 - DÁTUM A ČAS POSLEDNEJ TRANSAKCIE
control field 20260218100845.0
008 - ÚDAJE S PEVNOU DĹŽKOU – VŠEOBECNÉ INFORMÁCIE
fixed length control field 220801s2022 xo aoc grh 011 0aslo
020 ## - MEDZINÁRODNÉ ŠTANDARDNÉ ČÍSLO KNIHY (ISBN)
Medzinárodné štandardné číslo knihy (ISBN) 9788022212014
Qualifying information (viazané)
040 ## - ZDROJ KATALOGIZÁCIE
Pôvodná katalogizujúca agentúra ZKSE
Jazyk katalogizácie slo
Prepisujúca agentúra ZKSE
Modifikujúca agentúra SNK
Konvencie popisu rda
041 1# - KÓD JAZYKA
Kód jazyka textu/zvukovej stopy alebo samostatných nápisov slo
Kód jazyka originálu a/alebo sprostredkujúcich prekladov textu eng
044 ## - KÓD KRAJINY VYDAVATEĽA/PRODUCENTA
Kód krajiny MARC xo
Kód krajiny ISO SK
072 #7 - KÓD PREDMETOVEJ KATEGÓRIE
Kód predmetovej kategórie 32
Pododdiel kódu predmetovej kategórie Politika
Zdroj konspekt
072 #7 - KÓD PREDMETOVEJ KATEGÓRIE
Kód predmetovej kategórie 929
Pododdiel kódu predmetovej kategórie Biografie
Zdroj konspekt
080 ## - ČÍSLO MEDZINÁRODNÉHO DESATINNÉHO TRIEDENIA (MDT)
Číslo Medzinárodného desatinného triedenia (MDT) 32-051
Identifikátor vydania 2011
080 ## - ČÍSLO MEDZINÁRODNÉHO DESATINNÉHO TRIEDENIA (MDT)
Číslo Medzinárodného desatinného triedenia (MDT) 929
Identifikátor vydania 2011
080 ## - ČÍSLO MEDZINÁRODNÉHO DESATINNÉHO TRIEDENIA (MDT)
Číslo Medzinárodného desatinného triedenia (MDT) 328/329
Identifikátor vydania 2011
080 ## - ČÍSLO MEDZINÁRODNÉHO DESATINNÉHO TRIEDENIA (MDT)
Číslo Medzinárodného desatinného triedenia (MDT) (73)
Identifikátor vydania 2011
080 ## - ČÍSLO MEDZINÁRODNÉHO DESATINNÉHO TRIEDENIA (MDT)
Číslo Medzinárodného desatinného triedenia (MDT) (092)
Identifikátor vydania 2011
100 1# - OSOBNÉ MENÁ – VŠEOBECNÉ INFORMÁCIE
Osobné meno Obama, Barack,
Dátumy súvisiace s menom 1961-
Kód roly aut
-- 5416
240 12 - UNIFIKOVANÝ NÁZOV
Unifikovaný názov A Promised land
Jazyk diela Slovensky
245 10 - NÁZOV
Názov Zasľúbená zem
Údaj o zodpovednosti atď. Barack Obama ; z anglického originálu A Promised land ... preložili Katka Gabriš, Otakar Kořínek
250 ## - ÚDAJ O PORADÍ VYDANIA
Údaj o poradí vydania Vydanie I.
264 #1 - VYDAVATEĽSKÉ ÚDAJE, DISTRIBÚCIA ATĎ. - RDA
Miesto publikovania, distribúcie atď. Bratislava
Názov vydavateľa, distibútora atď. Tatran
Dátum publikovania, distribúcie atď. 2022
300 ## - FYZICKÝ POPIS
Rozsah 719 strán, 32 nečíslovaných strán obrazových príloh
Ďalšie fyzické detaily fotografie, ilustrácie, portréty
Rozmery 24 cm
336 ## - TYP OBSAHU
Typ obsahu - termín text
Typ obsahu - kód txt
Zdroj rdacontent
337 ## - TYP MÉDIA
Typ média - termín bez média
Typ média - kód n
Zdroj rdamedia
338 ## - TYP NOSIČA
Typ nosiča - termín zväzok
Typ nosiča - kód nc
Zdroj rdacarrier
490 1# - EDÍCIA
Edícia LUK - Knižnica svetových bestsellerov
Zväzok/sekvenčné označenie 185. zväzok
600 17 - PRIDANÝ VSTUP – PREDMET – OSOBNÉ MENO
Osobné meno Obama, Barack,
Dátumy súvisiace s menom 1961-
Zdroj hesla alebo termínu SNKMA
-- 5416
650 07 - PRIDANÝ VSTUP – PREDMET – TEMATICKÉ HESLO
Tematické heslo alebo geografický názov ako vstupný prvok prezidenti
Zdroj hesla alebo termínu SNKPH
-- 2572
650 07 - PRIDANÝ VSTUP – PREDMET – TEMATICKÉ HESLO
Tematické heslo alebo geografický názov ako vstupný prvok Presidents
Zdroj hesla alebo termínu SNKPHeng
-- 2573
650 07 - PRIDANÝ VSTUP – PREDMET – TEMATICKÉ HESLO
Tematické heslo alebo geografický názov ako vstupný prvok politici
Zdroj hesla alebo termínu SNKPH
-- 2565
650 07 - PRIDANÝ VSTUP – PREDMET – TEMATICKÉ HESLO
Tematické heslo alebo geografický názov ako vstupný prvok Politicians
Zdroj hesla alebo termínu SNKPHeng
-- 2567
651 #7 - PRIDANÝ VSTUP – PREDMET – GEOGRAFICKÝ NÁZOV
Geografický názov Spojené štáty americké
Všeobecný pododdiel politika a vláda
Zdroj hesla alebo termínu SNKPHgeo
-- 5417
651 #7 - PRIDANÝ VSTUP – PREDMET – GEOGRAFICKÝ NÁZOV
Geografický názov United States
Všeobecný pododdiel politics and government
Zdroj hesla alebo termínu SNKPHeng
-- 5418
655 #7 - INDEXAČNÝ TERMÍN – ŽÁNER/FORMA
Údaje o žánri/forme alebo termín, ktorý je prvok fazety autobiografie
Zdroj termínu SNKPH
-- 1792
655 #7 - INDEXAČNÝ TERMÍN – ŽÁNER/FORMA
Údaje o žánri/forme alebo termín, ktorý je prvok fazety Autobiography
Zdroj termínu SNKPHeng
-- 1793
700 1# - PRIDANÝ VSTUP – OSOBNÉ MENO
Osobné meno Gabriš, Katarína
Kód roly trl
-- 5419
700 1# - PRIDANÝ VSTUP – OSOBNÉ MENO
Osobné meno Kořínek, Otakar,
Dátumy súvisiace s menom 1946-2025
Kód roly trl
-- 5413
958 ## - Formálny deskriptor
Formálny deskriptor OP
958 ## - Formálny deskriptor
Formálny deskriptor BC
958 ## - Formálny deskriptor
Formálny deskriptor NB
958 ## - Formálny deskriptor
Formálny deskriptor US
Holdings
Stav stiahnutia (Blokovanie) (Withrawn status) Stav straty Zdroj klasifikácie pre skladovanie Stav poškodenia (Damaged status) Nie pre výpožičky (Not for loan) Spôsob nadobudnutia (Collection code) Trvalé umiestnenie Aktuálne umiestnenie Dátum nadobudnutia Náklady, bežná kúpna cena Inventárne číslo (prírastkové číslo) Celkom výpožičky Full call number Čiarový kód Dátum posledného výskytu Dátum poslednej výpôžičky Cena s účinnosťou od Typ jednotky Koha
          Kúpa Mestská knižnica Giraltovce Mestská knižnica Giraltovce 2026-02-18 6.90 22513 1 B11029 B11029 2026-05-19 2026-05-04 2026-02-18 Krásna literatúra pre dospelých

Powered by Koha